|
|
|
|
| LEADER |
01269Cam#a2200313#a#4500 |
| 001 |
021938 |
| 003 |
AR-BeUNQ |
| 005 |
20220701103800.0 |
| 008 |
100902s2003 mx 000 0 spa d |
| 999 |
|
|
|c 21278
|d 96665
|
| 020 |
|
|
|a 9686019944
|
| 040 |
|
|
|a AR-BeUNQ
|b spa
|e aacr
|c AR-BeUNQ
|
| 082 |
0 |
4 |
|a 338.9
|2 21
|
| 245 |
0 |
0 |
|a América Latina en la crisis del patrón neoliberal de crecimiento :
|b memorias del Primer Simposio Internacional sobre América Latina en el mundo
|c Víctor M. Figueroa coordinador.
|
| 250 |
|
|
|a 1a. ed.
|
| 260 |
|
|
|a México :
|b Unidad Académica de Ciencia Política, UAZ,
|c 2003.
|
| 300 |
|
|
|a 148 p. ;
|c 21 cm.
|
| 504 |
|
|
|a Incluye bibliografía.
|
| 650 |
|
7 |
|a Monopolios
|2 spines
|
| 650 |
|
7 |
|a Recesión económica
|2 spines
|
| 650 |
|
7 |
|a Desempleo
|2 spines
|
| 650 |
|
7 |
|a Globalización
|2 toit
|
| 651 |
|
7 |
|a América latina
|2 toit
|
| 653 |
|
|
|a Neoliberalismo
|
| 700 |
1 |
|
|a Figueroa, Víctor M
|e coord
|
| 711 |
2 |
|
|a Simposio Internacional sobre América Latina en el Mundo (
|c Zacatecas, México)
|d 2002 :
|n 1a :
|
| 929 |
|
|
|a DONACION
|b Unidad Académica de Ciencia Política, UAZ
|d 0,00
|e 20080428
|f PAT0023612
|g 1011 Exp. 827-0387/98
|j 45321
|h 1
|
| 929 |
|
|
|a DONACION
|b Sonia Puricelli
|d 500,00
|e 20220422
|f PAT0077696
|g 3601
|h 2
|j 59033
|
| 942 |
|
|
|c LIB
|n 0
|